Fundamentals of software engineering : third IPM international conference, FSEN 2009, Kish Island, Iran, April 15-17, 2009 : revised selected papers /

Bibliographic Details
Corporate Author: International Symposium on Fundamentals of Software Engineering Kīsh, Iran
Other Authors: Arbab, F. (Farhad), Sirjani, Marjan
Format: Conference Proceeding eBook
Language:English
Published: Berlin : Springer, [2010]
Series:LNCS sublibrary. Programming and software engineering.
Lecture notes in computer science ; 5961.
Subjects:
Online Access:Connect to the full text of this electronic book

MARC

Tag First Indicator Second Indicator Subfields
LEADER 00000cam a2200000Ia 4500
001 in00002575983
005 20210727154808.0
006 m d
007 cr |||
008 100127s2010 gw a sb 101 0 eng d
019 |a 574719981 
020 |a 364211623X 
020 |a 9783642116230 
020 |z 3642116221 
020 |z 9783642116223 
029 1 |a HEBIS  |b 221132082 
035 |a (OCoLC)502150780  |z (OCoLC)574719981 
035 |a (OCoLC)ocn502150780 
035 |a 3706883 
037 |a 978-3-642-11622-3  |b Springer  |n http://www.springerlink.com 
040 |a CUS  |c CUS  |d GW5XE  |d UtOrBLW 
049 |a TXAC 
050 4 |a QA76.758 
082 0 4 |a 005.1  |2 22 
111 2 |a International Symposium on Fundamentals of Software Engineering  |n (3rd :  |d 2009 :  |c Kīsh, Iran) 
245 1 0 |a Fundamentals of software engineering :  |b third IPM international conference, FSEN 2009, Kish Island, Iran, April 15-17, 2009 : revised selected papers /  |c Farhad Arbab, Marjan Sirjani (eds.). 
246 3 0 |a FSEN 2009 
264 1 |a Berlin :  |b Springer,  |c [2010] 
264 4 |c ©2010 
300 |a 1 online resource (xiii, 470 pages) :  |b illustrations 
336 |a text  |b txt  |2 rdacontent 
337 |a computer  |b c  |2 rdamedia 
338 |a online resource  |b cr  |2 rdacarrier 
490 1 |a LNCS sublibrary. SL 2, Programming and software engineering 
490 1 |a Lecture notes in computer science,  |x 0302-9743 ;  |v 5961 
500 |a Electronic resource. 
500 |a Title from PDF title page (SpringerLink, viewed Jan. 27, 2010). 
504 |a Includes bibliographical references and index. 
650 0 |a Software engineering  |v Congresses.  |0 http://id.loc.gov/authorities/subjects/sh2008111658 
655 7 |a Electronic books.  |2 local 
700 1 |a Arbab, F.  |q (Farhad)  |0 http://id.loc.gov/authorities/names/n91059987 
700 1 |a Sirjani, Marjan.  |0 http://id.loc.gov/authorities/names/nb2007024911 
776 0 8 |i Print version:  |t Fundamentals of Software Engineering.  |d Springer-Verlag New York Inc 2010  |z 9783642116223  |w (OCoLC)502033419 
830 0 |a LNCS sublibrary.  |n SL 2,  |p Programming and software engineering.  |0 http://id.loc.gov/authorities/names/no2007033954 
830 0 |a Lecture notes in computer science ;  |v 5961.  |0 http://id.loc.gov/authorities/names/n42015162 
856 4 0 |u http://proxy.library.tamu.edu/login?url=https://dx.doi.org/10.1007/978-3-642-11623-0  |z Connect to the full text of this electronic book  |t 0 
994 |a 92  |b TXA 
999 |a MARS 
999 f f |s 627eb443-9beb-3504-8871-b418ca030b47  |i 44f18e60-e65d-3e41-93e0-5a658fa96a38  |t 0 
952 f f |a Texas A&M University  |b College Station  |c Electronic Resources  |d Available Online  |t 0  |e QA76.758  |h Library of Congress classification 
998 f f |a QA76.758  |t 0  |l Available Online